Govt. of
Madhya Pradesh

Sports Games and Adventure Sports (Record no. 42851)

MARC details
000 -LEADER
fixed length control field 003640000a22001450004500
003 - CONTROL NUMBER IDENTIFIER
control field MACL
040 ## - CATALOGING SOURCE
Original cataloging agency MACL
090 ## - LOCALLY ASSIGNED LC-TYPE CALL NUMBER (OCLC); LOCAL CALL NUMBER (RLIN)
-- 43306
-- 43304
100 ## - MAIN ENTRY--PERSONAL NAME
Personal name Ghosh, Dr C N
245 ## - TITLE STATEMENT
Title Sports Games and Adventure Sports
Remainder of title An Unique Collection of 70 Disciplines
260 ## - PUBLICATION, DISTRIBUTION, ETC. (IMPRINT)
Name of publisher, distributor, etc. Manas Publications
Date of publication, distribution, etc. 2008
350 ## - PRICE (NR) (BK AM CF MU VM SE) [OBSOLETE]
Price 795
650 ## - SUBJECT ADDED ENTRY--TOPICAL TERM
Topical term or geographic name as entry element Performing Art
942 ## - ADDED ENTRY ELEMENTS (KOHA)
Koha item type Library Membar
Call number prefix 790/GHO
Holdings
Withdrawn status Lost status Source of classification or shelving scheme Damaged status Not for loan Home library Current library Date acquired Total Checkouts Total Renewals Full call number Barcode Date last seen Date last checked out Uniform Resource Identifier Price effective from Koha item type
          MACL MACL 15/04/2015 3 2 790/GHO BOOK CRE024453 02/05/2024 19/01/2019 43129 15/04/2015 Books